| 000 | 00448 a2200133 4500 | ||
|---|---|---|---|
| 001 | 91411 | ||
| 082 | _aPR 1307 | ||
| 090 |
_c43541 _d43540 |
||
| 100 | _aMuhammad Shoaib; Prof Nauman Mazhar and Mudassar Mushtaq (Advisors) | ||
| 245 |
_aDevelopment of Identification Based VHF Walkie Talkie Wireless Comunication Sets with Recording Facility of IDs _n72 "B" EC |
||
| 260 |
_aRawalpindi _bNUST _c2012 |
||
| 300 | _a50p | ||
| 500 | _aBE Project Reports | ||
| 942 |
_aCAE NUST _kPR 1307 |
||
| 999 |
_c326484 _d326484 |
||